000 00350nam a2200133Ia 4500
008 240624s9999 xx 000 0 und d
041 _aeng
082 _a943.086 SHI
100 _aSHIRER WILLIAM L
245 _aRISE AND FALL OF THE THIRD REICH THE HIS
260 _c1998
_aLondon
_bArrow Books
300 _axii, : 1245 : p. : cm. ; 20
365 _cERU
999 _c3739
_d3739